00332pab a2200121 454500008004000000100001700040245006100057260000900118300001100127362001100138650002700149773003400176180718b1997 xxu||||| |||| 00| 0 eng d aKaladhar, K. aRural financial institutions: mixing apples with oranges c1997 ap.1503 a21 Jun aFinancial institutions aEconomic and Political Weekly